logo

Bir Sreshtho Munshi Abdur Rouf Library
Jhenaidah Cadet College

Understanding chemistry: from atoms to attitudes (Record no. 7881)

MARC details
000 -LEADER
fixed length control field 00684nam a2200253 a 4500
001 - CONTROL NUMBER
JCCL Control Number 7881
003 - CONTROL NUMBER IDENTIFIER
JCCL marc code BD-JhCC
005 - DATE AND TIME OF LATEST TRANSACTION
control field 20180215093207.0
008 - FIXED-LENGTH DATA ELEMENTS--GENERAL INFORMATION
fixed length control field 180215s1974 nyua b 001 0 eng d
020 ## - INTERNATIONAL STANDARD BOOK NUMBER
International Standard Book Number 0471212857
035 ## - SYSTEM CONTROL NUMBER
system control number (BD-JhCC)7881
040 ## - CATALOGING SOURCE
Original cataloging agency BD-JhCC
Transcribing agency DLC
Modifying agency BD-JhCC
041 ## - LANGUAGE CODE
Language code of Book eng
050 00 - LIBRARY OF CONGRESS CALL NUMBER
Classification number QD31.2
Item number .D532
082 00 - DEWEY DECIMAL CLASSIFICATION NUMBER
Classification number 540
Author mark and Year DIC 1974
100 1# - MAIN ENTRY--PERSONAL NAME
Personal name Dickson, T. R.
Fuller form of name (Thomas R.),
Dates associated with a name 1938-
245 10 - TITLE STATEMENT
Title Understanding chemistry: from atoms to attitudes
Statement of responsibility, etc [by] T. R. Dickson.
260 ## - PUBLICATION, DISTRIBUTION, ETC. (IMPRINT)
Place of publication, distribution, etc New York,
Name of publisher, distributor, etc Wiley
Date of publication, distribution, etc [1974]
300 ## - PHYSICAL DESCRIPTION
Pagination xv, 361 p.
Other physical details illus.
Dimensions 26 cm.
504 ## - BIBLIOGRAPHY, ETC. NOTE
Bibliography, etc Includes bibliographies.
650 #0 - SUBJECT ADDED ENTRY--TOPICAL TERM
Topical term or geographic name as entry element Chemistry.
942 ## - ADDED ENTRY ELEMENTS (KOHA)
Source of classification or shelving scheme Dewey Decimal Classification
Koha item type Books
Holdings
Source of classification or shelving scheme Damaged status Not for loan Home library Current library Shelving location Date of accession Source of acquisition Total Checkouts Full call number Barcode Date last seen Copy number Koha item type
Dewey Decimal Classification     JCC Rouf Library JCC Rouf Library General Stacks 02/15/2018 Asia Foundation   540 DIC 1974 9960 02/15/2018 C-1 Books

JCC Library | Contacts | JCC Home

Last Update on 23 September 2017
Copyright @ 2017-2020 JCC Rouf Library
Rouf Library, Jhenidah Cadet College (JCC), Bangladesh